[Event "Open 2013-2014"]
[Site "Loire"]
[Date "????.??.??"]
[Round "2.15"]
[White "Poyet, Louis"]
[Black "Thizy, Nicolas"]
[Result "0-1"]
[WhiteElo "1190"]
[BlackElo "1440"]
[PlyCount "120"]

1. e4 c5 2. c3 d5 3. Bb5+ Bd7 4. Bxd7+ Qxd7 5. Qc2 Nc6 6. Nf3 Nf6 7. d3 e6 8.
Be3 Be7 9. O-O O-O 10. e5 Ng4 11. Bf4 Qc7 12. d4 cxd4 13. cxd4 Rac8 14. Qd3 Nb4
15. Qd2 f6 16. h3 fxe5 17. dxe5 Nh6 18. Nc3 Nf7 19. Rfe1 Nc6 20. Nb5 Qd7 21.
Nfd4 Bb4 22. Qd3 Bxe1 23. Rxe1 Nxd4 24. Nxd4 Qa4 25. a3 Rc4 26. b3 Rxd4 27.
bxa4 Rxd3 28. Ra1 Rd4 29. Be3 Rxa4 30. f4 g5 31. g3 gxf4 32. gxf4 d4 33. Bd2
Rd8 34. Rc1 Rxa3 35. Rc4 Ra1+ 36. Rc1 Rxc1+ 37. Bxc1 Rc8 38. Bd2 d3 39. Kf2 Rc2
40. Ke3 Ra2 41. Bc3 a5 42. Kxd3 a4 43. Kc4 Rc2 44. Kb4 a3 45. Kb3 Rxc3+ 46.
Kxc3 b5 47. Kb3 b4 48. Ka2 Nd8 49. f5 exf5 50. Kb3 f4 51. Kc2 f3 52. Kd2 a2 53.
Kd3 a1=Q 54. Ke4 Qe1+ 55. Kf5 f2 56. Kg4 Qe2+ 57. Kh4 f1=Q 58. Kg3 Qff3+ 59.
Kh4 Qe1+ 60. Kg5 Qxe5+ 0-1

[Event "Open 2013-2014"]
[Site "Loire"]
[Date "????.??.??"]
[Round "2.16"]
[White "Dugelay, Alain"]
[Black "Martin, Julien"]
[Result "0-1"]
[WhiteElo "1120"]
[BlackElo "1410"]
[PlyCount "26"]

1. e4 e5 2. Nf3 d6 3. Bc4 Qe7 4. O-O Be6 5. Bd3 Nc6 6. Bb5 Bd7 7. d3 Nd8 8. Nc3
Bxb5 9. Nxb5 Qd7 10. a4 Nf6 11. Nh4 Be7 12. Nf5 O-O 13. Qg4 Nxg4 0-1

[Event "Open 2013-2014"]
[Site "Loire"]
[Date "????.??.??"]
[Round "2.17"]
[White "Bonaventura, Christian"]
[Black "Duffy, Claudine"]
[Result "1-0"]
[WhiteElo "1399"]
[BlackElo "1090"]
[PlyCount "55"]

1. e4 e5 2. Nf3 d6 3. Bc4 Nf6 4. O-O Be7 5. Re1 O-O 6. d4 Bg4 7. h3 Bh5 8. dxe5
Nc6 9. exf6 Bxf6 10. Qd3 Nb4 11. Qb3 a5 12. a3 Nc6 13. Qxb7 Ne5 14. Nxe5 Bxe5
15. Bd5 Qh4 16. Be3 g5 17. Qxc7 g4 18. Qd7 gxh3 19. gxh3 Bf3 20. Bxa8 f5 21.
Bd5+ Kh8 22. Nd2 Qxh3 23. Nxf3 Rg8+ 24. Bxg8 Kxg8 25. Nxe5 fxe4 26. Qf7+ Kh8
27. Bd4 h6 28. Ng6# 1-0